Zákon smečky : soumrak. Vyhnanství /
Pokračování fantasy série Zákon smečky.
Uloženo v:
| Série: | Zákon smečky - Soumrak,
část 5 |
|---|---|
| Hlavní autor: | |
| Další autoři: | |
| Médium: | E-kniha |
| Jazyk: | Czech |
| Vydáno: |
V Praze :
Albatros,
2019
|
| Vydání: | 1. vydání |
| Témata: | |
| Příbuzné jednotky: | Z cyklu::
Zákon smečky - Soumrak |
| Tagy: |
Žádné tagy |
| LEADER | 02555nam a2200505 i 4500 | ||
|---|---|---|---|
| 001 | 311078 | ||
| 003 | CZ PrSKC | ||
| 005 | 20260601215659.0 | ||
| 007 | ta | ||
| 008 | 190823s2019 xr a c 000 j cze | ||
| 015 | |a cnb003124618 | ||
| 020 | |a 9788000055855 |q (brožováno) : |c Kč 199,00 | ||
| 035 | |a (OCoLC)1122794411 | ||
| 040 | |a ABG001 |b cze |d BOA001 |d ABA001 |e rda | ||
| 041 | 1 | |a cze |h eng | |
| 072 | 7 | |a 821.111-3 |x Anglická próza, anglicky psaná |2 Konspekt | |
| 072 | 7 | |a 821-93 |x Literatura pro děti a mládež (beletrie) |2 Konspekt | |
| 080 | |a 821.111-32 |2 MRF | ||
| 080 | |a 821-93 |2 MRF | ||
| 080 | |a (0:82-32) |2 MRF | ||
| 100 | 1 | |a Hunter, Erin |7 mzk2006363422 |4 aut | |
| 240 | 1 | 0 | |a Exile's journey. |l Česky |
| 245 | 1 | 0 | |a Zákon smečky : |b soumrak. |p Vyhnanství / |c Erin Hunterová ; přeložil Matěj Čuchna |
| 246 | 3 | 0 | |a Vyhnanství |
| 250 | |a 1. vydání | ||
| 264 | 1 | |a V Praze : |b Albatros, |c 2019 | |
| 300 | |a 239 stran : |b ilustrace ; |c 21 cm | ||
| 336 | |a text |b txt |2 rdacontent | ||
| 337 | |a bez média |b n |2 rdamedia | ||
| 338 | |a svazek |b nc |2 rdacarrier | ||
| 500 | |a Přeloženo z angličtiny | ||
| 520 | 2 | |a Pokračování fantasy série Zákon smečky. |b Věrná fena Bouře, která usilovně hledala zrádce, jenž vnáší do smečky chaos a strach, se ocitá v osamění. Smečka ji vyloučila ze svých řad a Bouře se teď musí vydat na cestu za jedinými druhy, kterým může skutečně důvěřovat: za Bellou a Šípem. Cesta je plná nástrah v podobě lidí, vodítkových psů a smečky vlků. Touha najít místo, kam by konečně mohla patřit, jí ale pomáhá všechny překážky překonat. Nakladatelská anotace. | |
| 521 | 8 | |a Pro čtenáře od 9 let | |
| 655 | 7 | |a anglické příběhy |7 fd131813 |2 czenas | |
| 655 | 7 | |a publikace pro děti |7 fd133156 |2 czenas | |
| 655 | 9 | |a English stories |2 eczenas | |
| 655 | 9 | |a children's literature |2 eczenas | |
| 700 | 1 | |a Čuchna, Matěj |7 pag2008464229 |4 trl | |
| 787 | 0 | 8 | |i Z cyklu: |t Zákon smečky - Soumrak |g 5 |
| 900 | |a ABA001 |b 21 | ||
| 928 | 9 | |a Albatros Media - Albatros | |
| 044 | |a xr | ||
| 910 | |a RBIT002 | ||
| 998 | |d 201204 |a https://core.palmknihy.cz/api/books/201204/cover?pw9fys |b https://core.palmknihy.cz/api/books/201204/cover/400?pw9fys |c https://core.palmknihy.cz/api/books/201204/cover/50?pw9fys |e 2028-10-15 |g 240 |i 9788000055855 |j https://core.palmknihy.cz/api/books/201204/preview.epub |k https://core.palmknihy.cz/api/books/201204/preview.pdf |l |q 49 |r 1 |s https://www.palmknihy.cz/kniha/201204 |t ebook |y 2019 |z 0 |v Zákon smečky: Soumrak |w 5 | ||
| 999 | |d 311076 | ||